Mesa Redonda sobre Transporte Terrestre '79

Sparad:
Bibliografiska uppgifter
Institutionell upphovsman: Colegio de Ingenieros de Chile (Författare, medförfattare)
Materialtyp: Bok
Språk:spanska
Publicerad: Santiago Colegio de Ingenieros de Chile 1980
Ämnen:
Taggar: Lägg till en tagg
Inga taggar, Lägg till första taggen!

MARC

LEADER 00000nam a2200000 a 4500
001 UCU6495
003 CL-VaPUC
005 20211026074204.0
008 960621e19800000cl 1 spa d
082 0 4 |a 388.4  |b COL  |2 21 
110 2 |a Colegio de Ingenieros de Chile  |e author  |9 617836 
245 1 0 |a Mesa Redonda sobre Transporte Terrestre '79 
260 |a Santiago  |b Colegio de Ingenieros de Chile  |c 1980 
300 |a 41 p 
583 |a last modification  |c 19960621 00:00:00  |k Rodrigo Vera 
650 0 7 |a TRANSPORTE POR CARRETERA  |2 CL-VaPUC  |9 617837 
650 0 0 |a Carreteras  |9 260132 
650 0 0 |a Planificación urbana   |9 258176 
650 0 7 |a SERVICIOS DE TRANSPORTE  |2 CL-VaPUC  |9 358013 
650 0 0 |a Transporte público  |9 348060 
942 |c BK 
945 |a cmena  |d 19960621 00:00:00 
546 |a En Español 
518 |p Mesa Redonda sobre Transporte Terrestre, Santiago, 13 y 14 de Diciembre de 1979 
999 |c 382669  |d 382667